Kyūshū hōgen no kisoteki kenkyū /
Saved in:
| Corporate Author: | |
|---|---|
| Format: | Book |
| Language: | Japanese |
| Published: |
Tōkyō :
Kazama Shobō,
Heisei 3 [1991]
|
| Edition: | Kaiteiban. |
| Subjects: | |
| Tags: |
Add Tag
No Tags, Be the first to tag this record!
|
| LEADER | 00968cam a2200265 a 4500 | ||
|---|---|---|---|
| 001 | 005281168-9 | ||
| 005 | 20024617120653.0 | ||
| 008 | 930203s1991 ja ab b 001 0 jpn d | ||
| 020 | |a 4759907955 | ||
| 035 | 0 | |a ocm27754901 | |
| 040 | |a MiU |c MiU |d OrU-S/OrU-L/OrU |d MH-HY |d CStRLIN | ||
| 043 | |a a-ja--- | ||
| 245 | 0 | 0 | |6 880-01 |a Kyūshū hōgen no kisoteki kenkyū / |c Kyūshū Hōgen Gakkai. |
| 250 | |6 880-02 |a Kaiteiban. | ||
| 260 | |6 880-03 |a Tōkyō : |b Kazama Shobō, |c Heisei 3 [1991] | ||
| 300 | |a 4, 719 p. : |b ill., maps ; |c 27 cm. | ||
| 504 | |a Includes bibliographical reference (p. 605-704) and index. | ||
| 650 | 0 | |a Japanese language |x Dialects |z Japan |z Kyūshū region. | |
| 710 | 2 | |6 880-04 |a Kyūshū Hōgen Gakkai. | |
| 880 | 0 | 0 | |6 245-01 |a 九州方言の基礎的研究 / |c 九州方言学会. |
| 880 | |6 250-02 |a 改訂版. | ||
| 880 | |6 260-03 |a 東京 : |b 風間書房, |c 平成 3 [1991] | ||
| 880 | 2 | |6 710-04 |a 九州方言学会. | |
| 988 | |a 20021217 | ||
| 906 | |0 OCLC | ||


